Online Catalogue and eLibrary

The village in the jungle (Record no. 3121)

MARC details
000 -LEADER
fixed length control field 00492nam a2200169Ia 4500
005 - DATE AND TIME OF LATEST TRANSACTION
control field 20240930034051.0
008 - FIXED-LENGTH DATA ELEMENTS--GENERAL INFORMATION
fixed length control field 240331s9999 xx 000 0 und d
020 ## - INTERNATIONAL STANDARD BOOK NUMBER
ISBN 0195630343
082 ## - DDC Classification
Item Number - Author Mark WOO
Class No. 808
100 ## - MAIN ENTRY--PERSONAL NAME
Personal name Woolf, L
245 #4 - TITLE STATEMENT
Title The village in the jungle
250 ## - EDITION STATEMENT
Edition statement 12th
260 ## - PUBLICATION, DISTRIBUTION, ETC.
Place of publication, distribution, etc. New Delhi
Name of publisher, distributor, etc. Oxford University press
Date of publication, distribution, etc. 2005
300 ## - PHYSICAL DESCRIPTION
Extent (e.g. Volumes, Pages etc.) xv, 179 p .,
500 ## - GENERAL NOTE
General note ' The Village in the jungle is a novel of superbly dispassionate observation, a great novel'.
942 ## - Koha item type (Biblio)
Koha item type Books in Stacks (Lending)
Holdings
Lost status Damaged status Collection code Home library Current library Shelving location Date acquired Full call number Accession Number Item type
    Lending WERC Library WERC Library Social Science Cupboard 03/31/2024 808 WOO 5627 Books in Stacks (Lending)

© WERC Library